• 首页
  • 本馆介绍
  • 公告通知
  • 最新文献
  • 馆藏检索
  • 电子资源
  • 读者导购
  • 参考咨询
  • 我的图书馆
  • 登录
  • 详细信息显示
  • 放入我的书架
  • 预约/预借图书
  • 作者相关作品
  • 分类相关作品
  • 丛书相关作品
  • 出版社相关作品

书目信息

  • 表格格式
  • 工作单格式
  • 卡片格式
题名:
丑陋的虫子
    
 
作者: 肖赛 主编
分册:  
出版信息: 上海   上海科学普及出版社  2013
页数: 233页
开本: 23cm
丛书名:
单 册:
中图分类: Q96 , Q96-49
科图分类:
主题词: 昆虫--青年读物
电子资源:
ISBN: 978-7-5427-5767-8
000 01111nam0 2200265 450
001 2893
001 01CN09086404@CSLN
005 20161207091412.90
010    @a978-7-5427-5767-8@dCNY29.80
100    @a20140110d2013 demy0chiy50 ea
101 0  @achi
102    @aCN@b310000
105    @aa z 000yy
200 1  @a丑陋的虫子@9chou lou de chong zi@f肖赛主编
210    @a上海@c上海科学普及出版社@d2013
215    @a233页@c图@d23cm
300    @a“领先一步学科学”系列/杨广军主编
300    @a科普图书馆
330    @a昆虫生生不息,它们不可或缺,它们本身就蕴藏了无穷的奥秘。昆虫与环境的适应关系,是亿万年的进化,也是自然界长期选择的结果……当然,与此同时,“害虫”也进化出了很强的适应能力;人类的不适当的活动强化了昆虫,却增加了我们自己不尽的悲剧。不管是否愿意,但是不可改变,在我们的周围,总是陪伴着很多的昆虫。让我们与它们共生共息,共行共存,不断地去研究它们、认识它们、理解它们,去获得无法言说的惊喜与快乐……
606 0  @a昆虫@j青年读物
690    @aQ96@v5
690    @aQ96-49@v4
701  0 @a肖赛@9xiao sai@4主编
801  0 @aCN@b大连网信软件有限公司图书馆·11@c20161207
905    @aZUCC@dQ96@e39
    
    丑陋的虫子/肖赛主编.-上海:上海科学普及出版社,2013
    233页:图;23cm
    “领先一步学科学”系列/杨广军主编.-科普图书馆
    
    ISBN 978-7-5427-5767-8:CNY29.80
    昆虫生生不息,它们不可或缺,它们本身就蕴藏了无穷的奥秘。昆虫与环境的适应关系,是亿万年的进化,也是自然界长期选择的结果……当然,与此同时,“害虫”也进化出了很强的适应能力;人类的不适当的活动强化了昆虫,却增加了我们自己不尽的悲剧。不管是否愿意,但是不可改变,在我们的周围,总是陪伴着很多的昆虫。让我们与它们共生共息,共行共存,不断地去研究它们、认识它们、理解它们,去获得无法言说的惊喜与快乐……
●
相关链接 在E读中查询图书 在五车中查询图书 在当当中查询图书 在豆瓣中查询图书


正题名:丑陋的虫子     索取号:Q96/39         预约/预借

序号 登录号 条形码 馆藏地/架位号 状态 备注
1 912198   209121984   第二样本阅览室/ [索取号:Q96/39] 在馆    
2 912199   209121993   第三借阅区/ [索取号:Q96/39] 在馆    
3 912200   209122000   第三借阅区/ [索取号:Q96/39] 在馆    
4 912201   209122019   第三借阅区/ [索取号:Q96/39] 在馆    
5 912202   209122028   密集书库-生命科学系/ [索取号:Q96/39] 在馆    
唐山师范学院图书馆 欢迎您!
大连网信软件有限公司© 版权所有